The women's movement in Iran : (Record no. 3101)

MARC details
000 -LEADER
fixed length control field 008510000a22002410004500
003 - CONTROL NUMBER IDENTIFIER
control field LK-CoMWRAF
005 - DATE AND TIME OF LATEST TRANSACTION
control field 20231211131253.0
008 - FIXED-LENGTH DATA ELEMENTS--GENERAL INFORMATION
fixed length control field 230817t1999 ||||| |||| 00| 0 eng d
020 ## - INTERNATIONAL STANDARD BOOK NUMBER
International Standard Book Number 2912606004
040 ## - CATALOGING SOURCE
Original cataloging agency LK-CoMWRAF
Modifying agency LK-CoMWRAF
Description conventions LK-CoMWRAF
041 ## - LANGUAGE CODE
Language code of text/sound track or separate title English
082 ## - DEWEY DECIMAL CLASSIFICATION NUMBER
Classification number 305.42
Item number HOO
942 ## - ADDED ENTRY ELEMENTS (KOHA)
Koha item type Books
100 ## - MAIN ENTRY--PERSONAL NAME
Personal name Hoodfar, Homa
245 ## - TITLE STATEMENT
Title The women's movement in Iran :
Remainder of title women at the crossroads of secularization and Islamization
260 ## - PUBLICATION, DISTRIBUTION, ETC. (IMPRINT)
Place of publication, distribution, etc. Grables:
Name of publisher, distributor, etc. Women Living under Muslim Laws,
Date of publication, distribution, etc. 1999
300 ## - PHYSICAL DESCRIPTION
Extent 46 p. ; 22 cm
Other physical details Bibliography included
490 ## - SERIES STATEMENT
Series statement Women's movement series,
Volume/sequential designation no. 1
856 ## - ELECTRONIC LOCATION AND ACCESS
Uniform Resource Identifier <a href="https://newuniversityinexileconsortium.org/wp-content/uploads/2023/02/The-Womens-Movement-in-Iran.pdf">https://newuniversityinexileconsortium.org/wp-content/uploads/2023/02/The-Womens-Movement-in-Iran.pdf</a>
650 ## - SUBJECT ADDED ENTRY--TOPICAL TERM
Topical term or geographic name as entry element Women- Iran- History
650 ## - SUBJECT ADDED ENTRY--TOPICAL TERM
Topical term or geographic name as entry element Women- Political activity- Iran
650 ## - SUBJECT ADDED ENTRY--TOPICAL TERM
Topical term or geographic name as entry element Women in Islam-Iran
Holdings
Withdrawn status Lost status Damaged status Not for loan Permanent Location Current Location Date acquired Full call number Barcode Koha item type
        Resource center, Muslim Women's Research And Action Forum Resource center, Muslim Women's Research And Action Forum 2023-08-17 305.42 HOO RAF3893 Books
        Resource center, Muslim Women's Research And Action Forum Resource center, Muslim Women's Research And Action Forum 2023-08-17 305.42 HOO RAF3894 Books
        Resource center, Muslim Women's Research And Action Forum Resource center, Muslim Women's Research And Action Forum 2023-12-11 305.42 HOO RAF4517 Books

Copyright © 2023 Muslim Women's Research and Action Forum (MWRAF), No 27/3, Anderson Road, Kalubowila, Dehiwela. Funded by The Asia Fundation